La Princesa Nadie (Record no. 7558)

MARC details
000 -LEADER
campo de control de longitud fija 01025nam a2200277 i 4500
001 - NÚMERO DE CONTROL
campo de control 7558
003 - IDENTIFICADOR DE NÚMERO DE CONTROL
campo de control ES-MaACL
005 - FECHA Y HORA DE LA ÚLTIMA TRANSACCIÓN
campo de control 20231215062944.0
007 - CAMPO FIJO DE DESCRIPCIÓN FÍSICA--INFORMACIÓN GENERAL
campo de control de longitud fija t|
008 - DATOS DE LONGITUD FIJA--INFORMACIÓN GENERAL
campo de control de longitud fija 910305s1990 sp ||||1| spa d
020 ## - NÚMERO INTERNACIONAL ESTÁNDAR DEL LIBRO
Número Internacional Estándar del Libro 84-85354-37-4
080 ## - NÚMERO DE LA CLASIFICACIÓN DECIMAL UNIVERSAL
Número de la Clasificación Decimal Universal 087.5
080 ## - NÚMERO DE LA CLASIFICACIÓN DECIMAL UNIVERSAL
Número de la Clasificación Decimal Universal 82-343.4"18"
080 ## - NÚMERO DE LA CLASIFICACIÓN DECIMAL UNIVERSAL
Número de la Clasificación Decimal Universal 82(Lang,A.7 P.03=6)
100 1# - ENTRADA PRINCIPAL--NOMBRE DE PERSONA
Nombre de persona Lang, Andrew (
Fechas asociadas al nombre 1844-1912)
9 (RLIN) 69997
245 13 - MENCIÓN DEL TÍTULO
Título La Princesa Nadie
Resto del título : un cuento de hadas /
Mención de responsabilidad, etc. Andrew Lang ; ilustraciones de Richard Doyle ; prologo y traduccion de Carmen Bravo-Villasante.
260 ## - PUBLICACIÓN, DISTRIBUCIÓN, ETC.
Lugar de publicación, distribución, etc. Palma de Mallorca :
Nombre del editor, distribuidor, etc. José J. de Olañeta,
Fecha de publicación, distribución, etc. 1990.
300 ## - DESCRIPCIÓN FÍSICA
Extensión XIV, 55, [4] p. :
Otras características físicas il. ;
Dimensiones 22 cm.
490 1# - MENCIÓN DE SERIE
Mención de serie Erase una vez... Biblioteca de cuentos maravillosos ;
Designación de volumen o secuencia 57
500 ## - NOTA GENERAL
Nota general Ejemp. n. 18 de una tirada de 2000.
700 1# - ENTRADA AGREGADA--NOMBRE PERSONAL
Nombre de persona Doyle, Richard.
9 (RLIN) 45555
700 1# - ENTRADA AGREGADA--NOMBRE PERSONAL
Nombre de persona Bravo-Villasante, Carmen,
Fechas asociadas al nombre 1918-1994
9 (RLIN) 31507
830 0# - PUNTO DE ACCESO ADICIONAL DE SERIE-TÍTULO UNIFORME
Título uniforme Erase una vez... Biblioteca de cuentos maravillosos ;
Designación de volumen o secuencia 57
9 (RLIN) 177315
852 ## - LOCALIZACIÓN
Ubicación ES-MaACL
Número de control de estantería L-14835
Sublocalización o colección R.118872
Nota libre . - rust.
Holdings
Estatus retirado Estado de pérdida Estado de daño No para préstamo Biblioteca de origen Biblioteca actual Ubicación en estantería Fecha de adquisición Fuente de adquisición Total de préstamos Signatura topográfica completa Código de barras Visto por última vez Precio de reemplazo Tipo de ítem Koha
        Biblioteca del Ateneo de Madrid Biblioteca del Ateneo de Madrid Depósito 2 17/01/2008     L-14835 1007711 23/02/2023 23/02/2023 Libro impreso